Экономика: учебник по курсу "Экономическая теория"

Bibliografske podrobnosti
Drugi avtorji: Булатов А. С. (редактор)
Izvleček:Исключено из фонда НТБ ТПУ
Jezik:ruščina
Izdano: Москва, Бек, 1999
Izdaja:2-е изд., перераб. и доп.
Format: MixedMaterials Knjiga
KOHA link:https://koha.lib.tpu.ru/cgi-bin/koha/opac-detail.pl?biblionumber=13900

MARC

LEADER 00000nam0a2200000 4500
001 13900
005 20231030185235.0
010 |a 5856391829 
035 |a (RuTPU)RU\TPU\book\13985 
035 |a BOOK00014053 
090 |a 13900 
100 |a 20011209d1999 m y0rusy50 ca 
101 0 |a rus 
102 |a RU 
105 |a y j 000zy 
200 1 |a Экономика  |e учебник по курсу "Экономическая теория"  |f Под ред. А. С. Булатова 
205 |a 2-е изд., перераб. и доп. 
210 |a Москва  |c Бек  |d 1999 
215 |a 816 с. 
333 |a Исключено из фонда НТБ ТПУ 
702 1 |a Булатов  |b А. С.  |4 340 
801 0 |a RU  |b 63413507  |c 20011209  |g PSBO 
801 2 |a RU  |b 63413507  |c 20210208  |g PSBO 
942 |c BK